[Event "IX Open A"]
[Site "Bergamo ITA"]
[Date "2010.07.17"]
[Round "3"]
[White "Licina, Zoran"]
[Black "Mattsson, Michael"]
[WhiteElo "2297"]
[BlackElo "2086"]
[Result "1-0"]
[PlyCount "65"]
[EventDate "2010.07.16"]

1. e4 e5 2. Nf3 Nc6 3. Bb5 a6 4. Bxc6 dxc6 5. Nc3 Bd6 6. d4 exd4 7. Qxd4 f6 8.
O-O Ne7 9. e5 Bxe5 10. Qxd8+ Kxd8 11. Nxe5 fxe5 12. Re1 Ng6 13. h4 Re8 14. Bg5+
Kd7 15. h5 Nh8 16. Rad1+ Ke6 17. Bd8 Nf7 18. Bxc7 Re7 19. Bb6 Kf5 20. Ne4 Kg4
21. Ng3 Be6 22. Re4+ Kg5 23. Be3+ Kf6 24. Rb4 a5 25. Ne4+ Kf5 26. Ng3+ Kf6 27.
Rb6 Rd8 28. Rxd8 Nxd8 29. Ne4+ Kf5 30. f3 Bxa2 31. Bg5 Rd7 32. g4+ Ke6 33. Nc5+
1-0

[Event "IX Open A"]
[Site "Bergamo ITA"]
[Date "2010.07.17"]
[Round "3"]
[White "Lindh, Fredrik"]
[Black "Drazic, Sinisa"]
[WhiteElo "2168"]
[BlackElo "2535"]
[Result "0-1"]
[PlyCount "96"]
[EventDate "2010.07.16"]

1. e4 e6 2. d4 d5 3. Nc3 dxe4 4. Nxe4 Bd7 5. Nf3 Bc6 6. Bd3 Nd7 7. O-O Be7 8.
Qe2 Ngf6 9. c4 O-O 10. Bf4 a5 11. Nc3 Bxf3 12. Qxf3 c6 13. Rad1 Re8 14. Rfe1
Nf8 15. d5 exd5 16. cxd5 Bb4 17. dxc6 Rxe1+ 18. Rxe1 bxc6 19. Rd1 Qe8 20. Bc4
Ng6 21. Bg3 h6 22. a3 Bxc3 23. Qxc3 Ne4 24. Qd3 Ra7 25. Qd8 Qxd8 26. Rxd8+ Kh7
27. Bb8 Rb7 28. b3 Nc5 29. f4 Ne6 30. Rc8 Ne7 31. Re8 Nd5 32. g3 Nc5 33. Bd6
Nxb3 34. Bd3+ g6 35. Ba6 Rd7 36. Be5 f6 37. Bc8 Rg7 38. Bb2 Nc5 39. Bd4 Nb3 40.
Bb2 a4 41. g4 Nd2 42. g5 hxg5 43. fxg5 Nf3+ 44. Kg2 Nxg5 45. h4 Nf7 46. Be6 Nc7
47. Bxf7 Nxe8 48. Bxe8 Re7 0-1

[Event "IX Open A"]
[Site "Bergamo ITA"]
[Date "2010.07.17"]
[Round "3"]
[White "Moreschi, Mauro"]
[Black "Cardani, Roberto"]
[WhiteElo "1907"]
[BlackElo "2022"]
[Result "1-0"]
[PlyCount "65"]
[EventDate "2010.07.16"]

1. e4 c5 2. Nf3 d6 3. Bb5+ Bd7 4. Bxd7+ Qxd7 5. O-O Nc6 6. d3 Nf6 7. Nc3 e6 8.
Re1 Be7 9. Bd2 O-O 10. Ng5 h6 11. Nh3 Ne5 12. Re3 b5 13. Rg3 Kh7 14. f4 Ng6 15.
Ng5+ Kg8 16. Nxe6 fxe6 17. Rxg6 Kh7 18. Rg3 b4 19. Ne2 Ng8 20. Qe1 Bh4 21. c3
Bxg3 22. Qxg3 a5 23. Qh3 Rae8 24. g4 Qf7 25. Kh1 Nf6 26. Rg1 e5 27. f5 d5 28.
Ng3 dxe4 29. g5 Qb7 30. Rg2 Ng8 31. Nxe4 Rd8 32. gxh6 Nxh6 33. Bxh6 1-0

[Event "IX Open A"]
[Site "Bergamo ITA"]
[Date "2010.07.17"]
[Round "3"]
[White "Orsi, Matteo"]
[Black "Regorda, Massimiliano"]
[WhiteElo "1980"]
[BlackElo "1897"]
[Result "0-1"]
[PlyCount "62"]
[EventDate "2010.07.16"]

1. Nf3 d5 2. d4 e6 3. c4 Nf6 4. g3 dxc4 5. Ne5 Qd5 6. f3 Nc6 7. Nxc6 Qxc6 8.
Bg2 c3 9. Nxc3 Bb4 10. Qb3 Bxc3+ 11. bxc3 O-O 12. O-O Qd5 13. Qc2 c6 14. e4 Qd7
15. Be3 b5 16. c4 a5 17. e5 Ne8 18. f4 Bb7 19. f5 exf5 20. Rxf5 bxc4 21. Raf1
g6 22. R5f4 Ba6 23. Rh4 Nc7 24. Rf6 Nd5 25. Bh6 Nxf6 26. exf6 Rfe8 27. Qc1 Re2
28. Bf1 Rxa2 29. Bg7 Qf5 30. Qe3 Ra1 31. Rf4 Qd3 0-1

[Event "IX Open A"]
[Site "Bergamo ITA"]
[Date "2010.07.17"]
[Round "3"]
[White "Piantoni, Roberto"]
[Black "Pucovski, Miroslav"]
[WhiteElo "2134"]
[BlackElo "2307"]
[Result "1/2-1/2"]
[PlyCount "68"]
[EventDate "2010.07.16"]

1. d4 d5 2. Nf3 Nf6 3. e3 Bf5 4. c4 c6 5. Nc3 e6 6. Qb3 Qb6 7. c5 Qc7 8. Ne5
Nbd7 9. f4 Nxe5 10. fxe5 Nd7 11. Be2 Be7 12. O-O f6 13. e4 dxe4 14. Bc4 O-O-O
15. Bxe6 Bxe6 16. Qxe6 Rhe8 17. Qg4 fxe5 18. Nxe4 exd4 19. Rf7 Bf8 20. Bg5 h5
21. Bxd8 hxg4 22. Bxc7 Kxc7 23. Nd6 Bxd6 24. cxd6+ Kxd6 25. Rxg7 Re4 26. Kf1 c5
27. Re1 Rf4+ 28. Ke2 Ne5 29. Rxb7 Kd5 30. b3 d3+ 31. Ke3 Re4+ 32. Kd2 Rf4 33.
Ke3 Re4+ 34. Kd2 Rf4 1/2-1/2

[Event "IX Open A"]
[Site "Bergamo ITA"]
[Date "2010.07.17"]
[Round "3"]
[White "Rota, Simone"]
[Black "Guzzetti, Luigi Enrico"]
[WhiteElo "2034"]
[BlackElo "1907"]
[Result "0-1"]
[PlyCount "124"]
[EventDate "2010.07.16"]

1. d4 Nf6 2. c4 g6 3. Nc3 Bg7 4. e4 d6 5. Nf3 O-O 6. Be2 c6 7. O-O Qc7 8. h3
Nbd7 9. Be3 e6 10. b4 b6 11. Rc1 a5 12. b5 cxb5 13. Nxb5 Qb8 14. Bd3 Bb7 15.
Nc3 Rc8 16. Re1 Ba6 17. Nb5 Bxb5 18. cxb5 Qb7 19. Bd2 Rxc1 20. Qxc1 Rc8 21. Qb1
e5 22. d5 Nc5 23. Rc1 Nfd7 24. Be3 h6 25. Rc4 Rf8 26. Nh4 Qa8 27. Be2 Qd8 28.
g3 h5 29. Qc1 Kh7 30. Nf3 f6 31. Nh4 Rg8 32. Qd1 Bh6 33. Bxh6 Kxh6 34. Ng2 Qe8
35. g4 Nf8 36. a4 Nh7 37. Qd2+ Kg7 38. Qe3 Qf7 39. Kf1 hxg4 40. Bxg4 f5 41. Bf3
Qf6 42. Ne1 Ng5 43. exf5 gxf5 44. Bg2 f4 45. Qe2 Qf5 46. Qc2 Qxc2 47. Rxc2 Rh8
48. Rc3 e4 49. f3 exf3 50. Nxf3 Nxh3 51. Nd4 Ng5 52. Nf5+ Kf6 53. Nxd6 Ke5 54.
Nc4+ Kd4 55. Rc1 f3 56. Nxb6 fxg2+ 57. Kxg2 Nd3 58. Rc4+ Ke3 59. d6 Nf4+ 60.
Kg3 Ne4+ 61. Kg4 Rg8+ 62. Kh4 Kf3 0-1

[Event "IX Open A"]
[Site "Bergamo ITA"]
[Date "2010.07.17"]
[Round "3"]
[White "Rusev, Krasimir"]
[Black "Borgo, Giulio"]
[WhiteElo "2543"]
[BlackElo "2419"]
[Result "1/2-1/2"]
[PlyCount "81"]
[EventDate "2010.07.16"]

1. d4 d5 2. c4 e6 3. Nf3 Nf6 4. Nc3 c6 5. Bg5 Nbd7 6. cxd5 exd5 7. e3 Qa5 8.
Bd3 Ne4 9. Qc2 Nxg5 10. Nxg5 Nf6 11. O-O Bb4 12. h3 g6 13. a3 Bxc3 14. bxc3 c5
15. dxc5 O-O 16. Qb2 Qxc5 17. c4 Nd7 18. Qb5 a6 19. Qxc5 Nxc5 20. Be2 h6 21.
Nf3 dxc4 22. Bxc4 b5 23. Bd5 Bb7 24. Bxb7 Nxb7 25. a4 b4 26. a5 Rfc8 27. Rfb1
Rc5 28. Rxb4 Rxa5 29. Rxa5 Nxa5 30. Nd4 Rc8 31. Rb6 Ra8 32. Rb4 Rc8 33. Ra4
Rc1+ 34. Kh2 Nc6 35. Nb3 Rc3 36. Rxa6 Rxb3 37. Rxc6 h5 38. g4 hxg4 39. hxg4 Rb5
40. Kg3 Kg7 41. f4 1/2-1/2

[Event "IX Open A"]
[Site "Bergamo ITA"]
[Date "2010.07.17"]
[Round "3"]
[White "Salvador, Roland"]
[Black "Georgiev, Vladimir"]
[WhiteElo "2498"]
[BlackElo "2586"]
[Result "1/2-1/2"]
[PlyCount "50"]
[EventDate "2010.07.16"]

1. d4 Nf6 2. Nf3 d5 3. c4 e6 4. Nc3 c6 5. e3 a6 6. a4 c5 7. cxd5 exd5 8. Be2
Nc6 9. O-O cxd4 10. exd4 Be7 11. Ne5 O-O 12. Bf3 h6 13. Re1 Nb4 14. Nd3 Nxd3
15. Qxd3 Bd6 16. h3 Be6 17. Ne2 Qd7 18. Bf4 Bf5 19. Qb3 Rfe8 20. Bxd6 Qxd6 21.
Nc3 Be4 22. Bxe4 dxe4 23. d5 Re7 24. Re3 Rc8 25. Rae1 Rcc7 1/2-1/2

[Event "IX Open A"]
[Site "Bergamo ITA"]
[Date "2010.07.17"]
[Round "3"]
[White "Seyfried, Claus"]
[Black "Srivachirawat, Kannapon"]
[WhiteElo "2087"]
[BlackElo "2245"]
[Result "1/2-1/2"]
[PlyCount "49"]
[EventDate "2010.07.16"]

1. e4 e6 2. d4 d5 3. Nd2 Be7 4. Ngf3 Nf6 5. e5 Nfd7 6. Bd3 c5 7. c3 b6 8. Qe2
a5 9. O-O Ba6 10. c4 Nc6 11. cxd5 Bxd3 12. Qxd3 exd5 13. dxc5 Nb4 14. Qe2 Nxc5
15. Nd4 Qd7 16. N2f3 O-O 17. Bg5 Bxg5 18. Nxg5 h6 19. Ngf3 Nbd3 20. Rfd1 Nf4
21. Qe3 Qg4 22. Ne1 Nfe6 23. Qf3 Qxf3 24. Ndxf3 Na4 25. Rd2 1/2-1/2

[Event "IX Open A"]
[Site "Bergamo ITA"]
[Date "2010.07.17"]
[Round "3"]
[White "Sumets, Andrey"]
[Black "Lapiccirella, Daniele"]
[WhiteElo "2618"]
[BlackElo "2212"]
[Result "1-0"]
[PlyCount "49"]
[EventDate "2010.07.16"]

1. d4 d5 2. Nf3 Nf6 3. c4 c6 4. Nbd2 e6 5. e3 Nbd7 6. Bd3 Bd6 7. O-O O-O 8. e4
e5 9. exd5 cxd5 10. cxd5 exd4 11. Ne4 Nxe4 12. Bxe4 Nf6 13. Qxd4 Nxe4 14. Qxe4
Re8 15. Qd4 Bf5 16. Bg5 f6 17. Bh4 Re4 18. Qd1 Qa5 19. Bg3 Rd8 20. Nh4 Bxg3 21.
Nxf5 Be5 22. Rc1 Bf4 23. Qf3 Rde8 24. Rc8 Qa4 25. b3 1-0

[Event "IX Open A"]
[Site "Bergamo ITA"]
[Date "2010.07.17"]
[Round "3"]
[White "Vezzosi, Paolo"]
[Black "Berni, Fabrizio"]
[WhiteElo "2362"]
[BlackElo "2154"]
[Result "1-0"]
[PlyCount "66"]
[EventDate "2010.07.16"]

1. d4 d5 2. c4 e6 3. Nc3 Nf6 4. Bg5 Be7 5. e3 O-O 6. Nf3 h6 7. Bh4 Ne4 8. Bxe7
Qxe7 9. Rc1 c6 10. Qc2 Nd7 11. Bd3 Nxc3 12. Qxc3 dxc4 13. Bxc4 b6 14. O-O c5
15. Bb5 Bb7 16. Bxd7 Bxf3 17. gxf3 Qxd7 18. dxc5 bxc5 19. Rfd1 Qb7 20. Kg2 Rfd8
21. b3 Rxd1 22. Rxd1 Rc8 23. Qc4 e5 24. a3 Rb8 25. Rd3 Qb6 26. f4 Kf8 27. e4
Qb5 28. Rd8+ Ke7 29. Rxb8 Qxb8 30. Qxc5+ Ke8 31. Qxe5+ Qxe5 32. fxe5 a6 33. f3
g5 1-0

[Event "IX Open A"]
[Site "Bergamo ITA"]
[Date "2010.07.17"]
[Round "4"]
[White "Angelini, Marco"]
[Black "Guanciale, Orazio"]
[WhiteElo "2103"]
[BlackElo "2171"]
[Result "0-1"]
[PlyCount "108"]
[EventDate "2010.07.16"]

1. e4 e6 2. d4 d5 3. Nc3 Bb4 4. e5 c5 5. a3 Bxc3+ 6. bxc3 Qa5 7. Bd2 Qa4 8. Nf3
c4 9. h4 Nc6 10. h5 h6 11. Nh4 Bd7 12. Rh3 Nge7 13. Rg3 Rg8 14. Rf3 O-O-O 15.
g3 Rdf8 16. Bh3 Qa5 17. Rf4 g5 18. hxg6 fxg6 19. Rf6 g5 20. Ng2 Rxf6 21. exf6
Nf5 22. Qh5 Qd8 23. Bxf5 exf5 24. f7 Rh8 25. Kf1 Qf6 26. Re1 Kd8 27. a4 Rf8 28.
Bc1 Rxf7 29. Ba3 Kc7 30. Ne3 Be6 31. Qf3 Rd7 32. Rb1 a6 33. Bc5 Qf7 34. Re1 f4
35. Ng2 Bh3 36. gxf4 Bxg2+ 37. Qxg2 Qxf4 38. Qh3 Rf7 39. Re2 g4 40. Qe3 g3 41.
Kg2 gxf2 42. Qxf4+ Rxf4 43. Rxf2 Rxf2+ 44. Kxf2 Kd7 45. Bf8 h5 46. Kg3 Ke6 47.
Kh4 Kf7 48. Bh6 Kg6 49. Bg5 Na7 50. Bd8 b5 51. a5 Nc6 52. Bc7 b4 53. Bd6 b3 54.
cxb3 cxb3 0-1

[Event "IX Open A"]
[Site "Bergamo ITA"]
[Date "2010.07.17"]
[Round "4"]
[White "Attuati, Stefano"]
[Black "Kimbin, Richard Conrod"]
[WhiteElo "1900"]
[BlackElo "1918"]
[Result "1-0"]
[PlyCount "67"]
[EventDate "2010.07.16"]

1. e4 c6 2. d4 d5 3. Nc3 dxe4 4. Nxe4 Bf5 5. Ng3 Bg6 6. h4 h6 7. Nf3 Nd7 8. Bd3
Bxd3 9. Qxd3 e6 10. Bd2 Ngf6 11. O-O-O Qc7 12. Qe2 O-O-O 13. Ne5 Nxe5 14. dxe5
Nd5 15. f4 Bc5 16. Ne4 Qb6 17. Rh3 Be7 18. Rb3 Qc7 19. c4 Nb6 20. c5 Nd5 21.
Nd6+ Bxd6 22. exd6 Qd7 23. Be3 Kb8 24. Rd4 b5 25. cxb6 Qxd6 26. bxa7+ Ka8 27.
Kb1 Qc7 28. Qa6 Rd7 29. Ra4 Nxe3 30. Rb8+ Qxb8 31. axb8=Q+ Kxb8 32. Qa8+ Kc7
33. Ra7+ Kb6 34. Ra6+ 1-0

[Event "IX Open A"]
[Site "Bergamo ITA"]
[Date "2010.07.17"]
[Round "4"]
[White "Berni, Fabrizio"]
[Black "Ranfagni, Stefano"]
[WhiteElo "2154"]
[BlackElo "2013"]
[Result "1-0"]
[PlyCount "35"]
[EventDate "2010.07.16"]

1. e4 e5 2. Nf3 Nc6 3. Bb5 a6 4. Ba4 Nf6 5. Qe2 b5 6. Bb3 Bc5 7. a4 b4 8. Bxf7+
Kxf7 9. Qc4+ Ke8 10. Qxc5 Nxe4 11. Qe3 d5 12. d3 Nd6 13. Qc5 Bb7 14. Qxd5 Qe7
15. Bg5 Nd4 16. Bxe7 Nxf3+ 17. Qxf3 Bxf3 18. Bxd6 1-0

[Event "IX Open A"]
[Site "Bergamo ITA"]
[Date "2010.07.17"]
[Round "4"]
[White "Bolico, Exfelicos"]
[Black "Astengo, Marcello"]
[WhiteElo "2174"]
[BlackElo "2071"]
[Result "0-1"]
[PlyCount "102"]
[EventDate "2010.07.16"]

1. d4 d5 2. Nf3 c5 3. c3 e6 4. Bg5 Qb6 5. Qb3 c4 6. Qc2 Nc6 7. Nbd2 Bd6 8. e4
f6 9. Bh4 Qc7 10. Bg3 b5 11. Bxd6 Qxd6 12. Be2 Nge7 13. O-O O-O 14. b3 Bd7 15.
a4 a6 16. Rfe1 Rab8 17. Bf1 Ng6 18. g3 Rfc8 19. h4 Qc7 20. axb5 axb5 21. b4 Ra8
22. Bh3 Ra7 23. Rxa7 Qxa7 24. exd5 exd5 25. Bf5 Nce7 26. Bxd7 Qxd7 27. Qa2 Rc7
28. Ra1 Nc8 29. Qa8 Kf7 30. Ra6 Rb7 31. Ra5 Nb6 32. Qa6 Na4 33. Nb1 Ne7 34.
Rxa4 bxa4 35. Na3 Nc8 36. Qa8 Nd6 37. Nd2 Qe8 38. Qa6 Qe7 39. Qc6 Ke6 40. Ndb1
Qd7 41. Qxd7+ Rxd7 42. f3 Nf5 43. Kf2 Kd6 44. Nd2 Re7 45. Nf1 Kc6 46. h5 Rb7
47. g4 Nd6 48. Ne3 Nb5 49. Nxb5 Kxb5 50. Nc2 a3 51. Nxa3+ Ka4 0-1

[Event "IX Open A"]
[Site "Bergamo ITA"]
[Date "2010.07.17"]
[Round "4"]
[White "Borgo, Giulio"]
[Black "Bernardi, Ruben"]
[WhiteElo "2419"]
[BlackElo "2212"]
[Result "1-0"]
[PlyCount "99"]
[EventDate "2010.07.16"]

1. e4 c5 2. Nf3 Nc6 3. Bb5 g6 4. Bxc6 dxc6 5. d3 Bg7 6. h3 e5 7. Be3 b6 8. Qd2
Qc7 9. Nc3 h6 10. Nh2 Nf6 11. O-O-O Bb7 12. f4 Nd7 13. Ng4 O-O-O 14. Rhf1 h5
15. Nxe5 Nxe5 16. fxe5 Bxe5 17. Bg5 Rd7 18. Bf6 Re8 19. Rf3 Re6 20. Rdf1 Bxf6
21. Rxf6 Rxf6 22. Rxf6 Qg3 23. Rf3 Qe5 24. Qf2 Qc7 25. Qe3 Qe5 26. Qf2 Qc7 27.
a3 Kb8 28. Qh4 Bc8 29. Rf6 Kb7 30. Qg5 Qh2 31. Rf1 Rc7 32. e5 c4 33. dxc4 Bf5
34. Re1 Rd7 35. b3 Rd4 36. Qe7+ Rd7 37. Qg5 Rd4 38. Re2 Qg1+ 39. Kb2 Bxh3 40.
Ne4 Qd1 41. Qe3 Be6 42. Nc3 Qxe2 43. Nxe2 Rg4 44. g3 h4 45. gxh4 Rxh4 46. Qg5
Rg4 47. Qe7+ Ka6 48. Qd6 c5 49. Nc3 Rd4 50. Qc6 1-0

[Event "IX Open A"]
[Site "Bergamo ITA"]
[Date "2010.07.17"]
[Round "4"]
[White "Campini, Marco"]
[Black "Vezzosi, Paolo"]
[WhiteElo "2070"]
[BlackElo "2362"]
[Result "0-1"]
[PlyCount "66"]
[EventDate "2010.07.16"]

1. e4 c6 2. d4 d5 3. Nd2 dxe4 4. Nxe4 Bf5 5. Ng3 Bg6 6. Nh3 e6 7. Nf4 Bd6 8. h4
Qc7 9. Nxg6 hxg6 10. Qf3 Nf6 11. Ne4 Nxe4 12. Qxe4 Nd7 13. Bg5 Qa5+ 14. Bd2 Bb4
15. c3 Be7 16. g3 O-O-O 17. Bc4 c5 18. b4 cxb4 19. Rb1 Qf5 20. Bd3 Qxe4+ 21.
Bxe4 Nb6 22. Ke2 bxc3 23. Bxc3 Bf6 24. Rb4 Rd7 25. Rhb1 Rhd8 26. Ke3 Rc7 27.
R1b3 Nd5+ 28. Bxd5 Rxd5 29. Bb2 Be7 30. Ra4 b6 31. Rc3 Rxc3+ 32. Bxc3 Kb7 33.
a3 b5 0-1

[Event "IX Open A"]
[Site "Bergamo ITA"]
[Date "2010.07.17"]
[Round "4"]
[White "Cani, Gazmir"]
[Black "Giretti Kanev, Jasen"]
[WhiteElo "2060"]
[BlackElo "2208"]
[Result "0-1"]
[PlyCount "80"]
[EventDate "2010.07.16"]

1. d4 c5 2. d5 Nf6 3. c4 a6 4. a4 e6 5. Nc3 exd5 6. cxd5 Bd6 7. e4 Be5 8. Bd3
O-O 9. Nf3 Bxc3+ 10. bxc3 Re8 11. O-O d6 12. Re1 Bg4 13. c4 Nbd7 14. Bg5 Ne5
15. Be2 Bxf3 16. gxf3 h6 17. Bh4 Ng6 18. Bg3 Nh5 19. Qd2 Qf6 20. Rab1 Re7 21.
Rb6 Nhf4 22. Reb1 h5 23. h4 Rae8 24. a5 Nxe2+ 25. Qxe2 Nxh4 26. Rxd6 Qxf3 27.
Qxf3 Nxf3+ 28. Kg2 Nd2 29. Rdb6 Nxb1 30. Rxb1 Rxe4 31. Rxb7 Rxc4 32. Ra7 Rd4
33. d6 h4 34. Bh2 c4 35. Rxa6 Rc8 36. Ra7 f6 37. a6 c3 38. Rc7 Ra8 39. a7 c2
40. d7 Rxd7 0-1

[Event "IX Open A"]
[Site "Bergamo ITA"]
[Date "2010.07.17"]
[Round "4"]
[White "Cardani, Roberto"]
[Black "Orsi, Matteo"]
[WhiteElo "2022"]
[BlackElo "1980"]
[Result "1/2-1/2"]
[PlyCount "54"]
[EventDate "2010.07.16"]

1. e4 c6 2. d4 d5 3. Nc3 dxe4 4. Nxe4 Bf5 5. Ng3 Bg6 6. h4 h6 7. Nf3 Nd7 8. h5
Bh7 9. Bd3 Bxd3 10. Qxd3 Ngf6 11. Bf4 e6 12. O-O-O Nd5 13. Bd2 Nb4 14. Qb3 a5
15. a3 a4 16. Qc4 b5 17. Qe2 Nd5 18. c3 Be7 19. Ne5 Nxe5 20. dxe5 O-O 21. Ne4
Qc7 22. f4 c5 23. c4 bxc4 24. Qxc4 Nb6 25. Qb5 Rfb8 26. Nc3 Nd7 27. Qe2 c4
1/2-1/2

[Event "IX Open A"]
[Site "Bergamo ITA"]
[Date "2010.07.17"]
[Round "4"]
[White "Contin, Daniel"]
[Black "Lindh, Fredrik"]
[WhiteElo "2307"]
[BlackElo "2168"]
[Result "1/2-1/2"]
[PlyCount "73"]
[EventDate "2010.07.16"]

1. c4 Nf6 2. Nf3 g6 3. g3 Bg7 4. Bg2 O-O 5. O-O d5 6. cxd5 Nxd5 7. d4 Nb6 8.
Nc3 Nc6 9. d5 Na5 10. e4 c6 11. Nd4 e6 12. Nb3 Nxb3 13. Qxb3 exd5 14. exd5 cxd5
15. Nxd5 Be6 16. Rd1 Bg4 17. Re1 Re8 18. Rxe8+ Qxe8 19. Be3 Be6 20. Bxb6 axb6
21. Qxb6 Qd8 22. Qxb7 Rb8 23. Ne7+ Kf8 24. Nc6 Rxb7 25. Nxd8 Rxb2 26. Nxe6+
fxe6 27. a4 Bd4 28. Rf1 Ra2 29. Bc6 Ke7 30. Kg2 e5 31. Kf3 Kf6 32. h4 h5 33.
Be8 g5 34. hxg5+ Kxg5 35. Rh1 Rxf2+ 36. Ke4 Ra2 37. Rxh5+ 1/2-1/2

[Event "IX Open A"]
[Site "Bergamo ITA"]
[Date "2010.07.17"]
[Round "4"]
[White "Drazic, Sinisa"]
[Black "Solodovnichenko, Yuri"]
[WhiteElo "2535"]
[BlackElo "2558"]
[Result "1/2-1/2"]
[PlyCount "93"]
[EventDate "2010.07.16"]

1. d4 Nf6 2. Bg5 e6 3. e4 h6 4. Bxf6 Qxf6 5. Nc3 Bb4 6. Nge2 d6 7. a3 Ba5 8.
Qd2 O-O 9. f4 e5 10. b4 Bb6 11. Nd5 Qd8 12. g3 exd4 13. Nxd4 Nc6 14. Nxb6 axb6
15. Bg2 Nxd4 16. Qxd4 Bd7 17. O-O Bc6 18. Rfe1 Re8 19. Re3 Ra7 20. Rd1 Qf6 21.
e5 dxe5 22. fxe5 Qg5 23. Bxc6 bxc6 24. Rdd3 Raa8 25. h4 Qf5 26. Kg2 Re7 27. Qf4
Qe6 28. Qf3 Rae8 29. h5 Rd7 30. g4 Rd5 31. Rxd5 cxd5 32. Qf5 c5 33. Qxe6 Rxe6
34. Kf3 f6 35. exf6 Rxf6+ 36. Kg3 cxb4 37. axb4 Rc6 38. Rd3 Rc4 39. Rxd5 Rxb4
40. Rd8+ Kf7 41. Rd7+ Kf6 42. Rd6+ Kf7 43. Rc6 b5 44. c3 Rb1 45. Kf4 b4 46.
Rc7+ Kf6 47. Rc6+ 1/2-1/2

[Event "IX Open A"]
[Site "Bergamo ITA"]
[Date "2010.07.17"]
[Round "4"]
[White "Georgiev, Vladimir"]
[Black "Mrdja, Milan"]
[WhiteElo "2586"]
[BlackElo "2372"]
[Result "1-0"]
[PlyCount "53"]
[EventDate "2010.07.16"]

1. d4 g6 2. e4 Bg7 3. c4 c5 4. d5 d6 5. Bd3 Nf6 6. Nc3 O-O 7. Bg5 h6 8. Bxf6
Bxf6 9. Qd2 Bg7 10. f4 e6 11. Nge2 exd5 12. cxd5 a6 13. a4 Qa5 14. O-O Nd7 15.
Kh1 Re8 16. Ng3 Nf6 17. Rae1 Bd7 18. e5 Nxd5 19. Bxg6 fxg6 20. Qxd5+ Be6 21.
Qd3 dxe5 22. Qxg6 Qc7 23. f5 Bf7 24. Qg4 Kh7 25. Nce4 Rg8 26. Qh4 Bh8 27. f6
1-0

[Event "IX Open A"]
[Site "Bergamo ITA"]
[Date "2010.07.17"]
[Round "4"]
[White "Godena, Michele"]
[Black "Sumets, Andrey"]
[WhiteElo "2548"]
[BlackElo "2618"]
[Result "1/2-1/2"]
[PlyCount "49"]
[EventDate "2010.07.16"]

1. e4 e6 2. d4 d5 3. Nd2 c5 4. Ngf3 cxd4 5. Nxd4 Nc6 6. Bb5 Bd7 7. Nxc6 Bxc6 8.
Bxc6+ bxc6 9. c4 Qa5 10. cxd5 cxd5 11. exd5 Qxd5 12. Qa4+ Qd7 13. Qxd7+ Kxd7
14. Nc4 Nf6 15. Ke2 Bc5 16. Rd1+ Ke7 17. Bg5 h6 18. Bxf6+ Kxf6 19. Rd7 Rhd8 20.
Rad1 Rxd7 21. Rxd7 g5 22. Rc7 Bd4 23. Rd7 Bc5 24. Rc7 Bd4 25. Rd7 1/2-1/2

[Event "IX Open A"]
[Site "Bergamo ITA"]
[Date "2010.07.17"]
[Round "4"]
[White "Gonella, Daniele"]
[Black "Piantoni, Roberto"]
[WhiteElo "1982"]
[BlackElo "2134"]
[Result "1/2-1/2"]
[PlyCount "34"]
[EventDate "2010.07.16"]

1. e4 c6 2. d4 d5 3. Nc3 dxe4 4. Nxe4 Nf6 5. Nxf6+ gxf6 6. Nf3 Bg4 7. Be2 Nd7
8. O-O e6 9. Bf4 Nb6 10. Bg3 Bd6 11. Rc1 Bxg3 12. fxg3 Qd7 13. c3 Qd5 14. b3
O-O-O 15. Nh4 Bxe2 16. Qxe2 Qg5 17. Qf2 f5 1/2-1/2

[Event "IX Open A"]
[Site "Bergamo ITA"]
[Date "2010.07.17"]
[Round "4"]
[White "Lapiccirella, Daniele"]
[Black "Leoni, Livio"]
[WhiteElo "2212"]
[BlackElo "2015"]
[Result "1/2-1/2"]
[PlyCount "37"]
[EventDate "2010.07.16"]

1. d4 Nf6 2. c4 e6 3. Bg5 Bb4+ 4. Nd2 c5 5. dxc5 Na6 6. Ngf3 h6 7. Bf4 O-O 8.
a3 Bxc5 9. b4 Be7 10. g3 b6 11. Bg2 Bb7 12. O-O Rc8 13. Rc1 d6 14. h3 Rc7 15.
Re1 Qa8 16. Qa4 Rcc8 17. Red1 Rfd8 18. Ne1 Nb8 19. Bxb7 1/2-1/2

[Event "IX Open A"]
[Site "Bergamo ITA"]
[Date "2010.07.17"]
[Round "4"]
[White "Licina, Zoran"]
[Black "Rusev, Krasimir"]
[WhiteElo "2297"]
[BlackElo "2543"]
[Result "0-1"]
[PlyCount "72"]
[EventDate "2010.07.16"]

1. Nf3 Nf6 2. g3 d5 3. Bg2 e6 4. O-O b5 5. d4 c5 6. b3 Bb7 7. c4 dxc4 8. bxc4
b4 9. a3 Nbd7 10. axb4 cxb4 11. Qa4 a5 12. Ne5 Bxg2 13. Kxg2 Bd6 14. Nc6 Qb6
15. Be3 Ra6 16. d5 Qb7 17. Nxa5 Qa8 18. Nd2 exd5 19. Kg1 O-O 20. Bf4 Bxf4 21.
gxf4 Rb8 22. cxd5 Nc5 23. Qc6 Rxc6 24. Nxc6 Qb7 25. Ra7 Qxa7 26. Nxa7 Nxd5 27.
Rc1 Nc3 28. Kf1 Rd8 29. Nc4 Rd4 30. Ne5 b3 31. Rxc3 b2 32. Rxc5 b1=Q+ 33. Kg2
h6 34. Rc8+ Kh7 35. Nac6 Rxf4 36. Rc7 Qe4+ 0-1

[Event "IX Open A"]
[Site "Bergamo ITA"]
[Date "2010.07.17"]
[Round "4"]
[White "Mattsson, Michael"]
[Black "Guzzetti, Luigi Enrico"]
[WhiteElo "2086"]
[BlackElo "1907"]
[Result "1-0"]
[PlyCount "143"]
[EventDate "2010.07.16"]

1. e4 c5 2. b3 e6 3. Bb2 d6 4. Nf3 Nf6 5. Nc3 Nc6 6. Bb5 Bd7 7. O-O Be7 8. d4
cxd4 9. Nxd4 Rc8 10. Nxc6 Bxc6 11. Bd3 a6 12. a4 O-O 13. Qf3 Nd7 14. Qg3 Ne5
15. Be2 Bh4 16. Qe3 Bf6 17. Rad1 Qc7 18. Ba3 Rfd8 19. f4 Ng6 20. Rd3 Be8 21.
Rf3 b5 22. axb5 axb5 23. Bb4 Bc6 24. Rf1 Qb7 25. Bf3 Bxc3 26. Rxc3 d5 27. exd5
Bxd5 28. Rd1 Bxf3 29. Rxd8+ Rxd8 30. Qxf3 Qxf3 31. Rxf3 Rd4 32. Bc5 Rd1+ 33.
Kf2 Rd2+ 34. Kg3 Rxc2 35. b4 h5 36. Ra3 h4+ 37. Kf3 h3 38. gxh3 Rxh2 39. Kg3
Rc2 40. Ra5 Rc3+ 41. Kh2 Nxf4 42. Rxb5 Rxh3+ 43. Kg1 Nd3 44. Bd6 f5 45. Rb8+
Kf7 46. b5 e5 47. b6 Rg3+ 48. Kf1 Rf3+ 49. Kg1 Ne1 50. Rf8+ Ke6 51. b7 Rb3 52.
b8=Q Rxb8 53. Bxb8 e4 54. Kf2 Nf3 55. Ke3 g5 56. Ba7 Nh4 57. Rg8 g4 58. Kf2 Kd5
59. Rd8+ Ke6 60. Kg3 Ng6 61. Bd4 Ne7 62. Ra8 Kd5 63. Be3 Ng6 64. Ra5+ Ke6 65.
Ra6+ Kf7 66. Ra7+ Ke6 67. Ra6+ Kf7 68. Bd4 Ne7 69. Kf4 Nd5+ 70. Kxf5 e3 71.
Ra7+ Ke8 72. Kxg4 1-0

[Event "IX Open A"]
[Site "Bergamo ITA"]
[Date "2010.07.17"]
[Round "4"]
[White "Pucovski, Miroslav"]
[Black "Curtacci, Sergio"]
[WhiteElo "2307"]
[BlackElo "1999"]
[Result "1-0"]
[PlyCount "41"]
[EventDate "2010.07.16"]

1. e4 c5 2. c3 d5 3. exd5 Qxd5 4. d4 e5 5. Nf3 Nc6 6. Nbd2 Bg4 7. Bc4 Bxf3 8.
Qb3 Na5 9. Qa4+ Qd7 10. Bxf7+ Ke7 11. Qxd7+ Kxd7 12. Nxf3 exd4 13. cxd4 cxd4
14. Nxd4 Bb4+ 15. Ke2 Nh6 16. Be6+ Kc7 17. Bf4+ Kb6 18. Be3 Nc6 19. Nxc6+ Kxc6
20. Rhd1 Rhd8 21. Bd7+ 1-0

[Event "IX Open A"]
[Site "Bergamo ITA"]
[Date "2010.07.17"]
[Round "4"]
[White "Quagliarella, Sabino Remo"]
[Black "Rota, Simone"]
[WhiteElo "1946"]
[BlackElo "2034"]
[Result "1/2-1/2"]
[PlyCount "98"]
[EventDate "2010.07.16"]

1. d4 d5 2. c4 e6 3. Nf3 Nf6 4. Bg5 c6 5. e3 Be7 6. Nc3 Nbd7 7. Rc1 O-O 8. Bd3
Re8 9. O-O Nf8 10. Ne5 dxc4 11. Bxc4 Nd5 12. Bxe7 Qxe7 13. e4 Nb6 14. Bb3 Nfd7
15. Nd3 e5 16. d5 cxd5 17. Bxd5 Rf8 18. Qe2 Nf6 19. Bb3 Be6 20. Bxe6 Qxe6 21.
Nc5 Qe7 22. Qb5 Rac8 23. b4 Rc6 24. Rfd1 a6 25. Qe2 Re8 26. Rc2 h6 27. h3 Nbd7
28. Nxd7 Nxd7 29. Nd5 Qe6 30. Rxc6 Qxc6 31. Qd2 Nf6 32. f3 Nxd5 33. Qxd5 Qb6+
34. Qc5 Qe6 35. Qa5 Rc8 36. Rd8+ Rxd8 37. Qxd8+ Kh7 38. Qd5 Qb6+ 39. Qc5 Qe6
40. a4 f6 41. a5 Qd7 42. Qb6 Qd1+ 43. Kh2 Qd7 44. Kg3 Kg6 45. Qc5 Kh7 46. Qd5
Qe7 47. b5 axb5 48. Qxb5 Qc7 49. Qd5 Qc3 1/2-1/2